000
00228nam a22000977a 4500
999
_c
522852
_d
522852
082
_a
TNC T112x54 M46
100
_a
Mohan, N. Chandra
_9
38614
245
_a
Unemployment in an Era
260
_a
New Delhi
_b
ISID
_c
2014
300
_a
22p.